A nest for Celeste : (Record no. 508)

MARC details
000 -LEADER
fixed length control field 01141cam a2200301 a 4500
005 - DATE AND TIME OF LATEST TRANSACTION
control field 20230511105505.0
020 ## - INTERNATIONAL STANDARD BOOK NUMBER
International Standard Book Number 9780061704109 (trade bdg. : alk. paper)
020 ## - INTERNATIONAL STANDARD BOOK NUMBER
International Standard Book Number 9780061704116 (lib. bdg. : alk. paper)
040 ## - CATALOGING SOURCE
Original cataloging agency DLC
Transcribing agency DLC
Modifying agency DLC
-- FISKH
Language of cataloging eng
050 00 - LIBRARY OF CONGRESS CALL NUMBER
Classification number PZ7.C67728
Item number Nes 2010
082 00 - DEWEY DECIMAL CLASSIFICATION NUMBER
Classification number 813.5
Edition number 22
100 1# - MAIN ENTRY--PERSONAL NAME
Personal name Cole, Henry,
Dates associated with a name 1955-
245 12 - TITLE STATEMENT
Title A nest for Celeste :
Remainder of title a story about art, inspiration, and the meaning of home /
Statement of responsibility, etc. Henry Cole.
260 ## - PUBLICATION, DISTRIBUTION, ETC.
Place of publication, distribution, etc. New York :
Name of publisher, distributor, etc. Scholastic.
Date of publication, distribution, etc. 2012.
300 ## - PHYSICAL DESCRIPTION
Extent 342 pages :
Other physical details illustrations ;
Dimensions 19 cm.
505 ## - FORMATTED CONTENTS NOTE
Formatted contents note M
520 ## - SUMMARY, ETC.
Summary, etc. Celeste, a mouse longing for a real home, becomes a source of inspiration to teenaged Joseph, assistant to the artist and naturalist John James Audubon, at a New Orleans, Louisiana, plantation in 1821.
521 1# - TARGET AUDIENCE NOTE
Target audience note 730 <br/>
Source Lexile
521 1# - TARGET AUDIENCE NOTE
Target audience note M <br/>
Source Raz-Plus
650 #1 - SUBJECT ADDED ENTRY--TOPICAL TERM
Topical term or geographic name entry element Mice
Form subdivision Fiction.
650 #1 - SUBJECT ADDED ENTRY--TOPICAL TERM
Topical term or geographic name entry element Human-animal relationships
Form subdivision Fiction.
650 #1 - SUBJECT ADDED ENTRY--TOPICAL TERM
Topical term or geographic name entry element Artists
Form subdivision Fiction.
650 #1 - SUBJECT ADDED ENTRY--TOPICAL TERM
Topical term or geographic name entry element Home
Form subdivision Fiction.
906 ## - LOCAL DATA ELEMENT F, LDF (RLIN)
a 7
b cbc
c orignew
d 1
e ecip
f 20
g y-gencatlg
942 ## - ADDED ENTRY ELEMENTS (KOHA)
Source of classification or shelving scheme Dewey Decimal Classification
Koha item type Books
Suppress in OPAC No
999 ## -
-- 508
-- 508
Holdings
Withdrawn status Lost status Source of classification or shelving scheme Damaged status Not for loan Collection Home library Current library Shelving location Date acquired Total Checkouts Full call number Barcode Date due Date last seen Date last checked out Price effective from Koha item type
    Dewey Decimal Classification     Juvenile Fiction Footprints International School Library Network Toul Kork Campus Footprints International School Library Network Toul Kork Campus TK Primary Library Room(4th Floor), Bookcase 5&6, Shelves 33-56, Orange Books 05/11/2023 1 COL 813.5 PZ7.C67728 FISTK00079 11/25/2025 11/11/2025 11/11/2025 05/11/2023 Books